<?xml version="1.0" encoding="UTF-8"?>
<marc:record xmlns:marc="http://www.loc.gov/MARC21/slim">
   <marc:leader>00000nam a2200000 a 4500</marc:leader>
   <marc:datafield ind1="1" ind2=" " tag="100">
      <marc:subfield code="a">Wehle, Peter</marc:subfield>
      <marc:subfield code="4">aut</marc:subfield>
      <marc:subfield code="e">Verfasser/-in</marc:subfield>
   </marc:datafield>
   <marc:datafield ind1=" " ind2=" " tag="653">
      <marc:subfield code="a">Österreichische Literatur</marc:subfield>
   </marc:datafield>
   <marc:datafield ind1=" " ind2=" " tag="653">
      <marc:subfield code="a">Serienmörder</marc:subfield>
   </marc:datafield>
   <marc:datafield ind1=" " ind2=" " tag="653">
      <marc:subfield code="a">Wiener Gürtel</marc:subfield>
   </marc:datafield>
   <marc:datafield ind1=" " ind2=" " tag="653">
      <marc:subfield code="a">sein Unwesen treiben</marc:subfield>
   </marc:datafield>
   <marc:datafield ind1=" " ind2=" " tag="653">
      <marc:subfield code="a">Fall wurde nie gelöst</marc:subfield>
   </marc:datafield>
   <marc:datafield ind1=" " ind2=" " tag="653">
      <marc:subfield code="a">vor zwanzig Jahren</marc:subfield>
   </marc:datafield>
   <marc:datafield ind1=" " ind2=" " tag="653">
      <marc:subfield code="a">ein neuer Mord passiert</marc:subfield>
   </marc:datafield>
   <marc:datafield ind1=" " ind2=" " tag="653">
      <marc:subfield code="a">nach derselben Methode wie damals</marc:subfield>
   </marc:datafield>
   <marc:datafield ind1=" " ind2=" " tag="653">
      <marc:subfield code="a">die Köpfe der Ermittler rauchen</marc:subfield>
   </marc:datafield>
   <marc:datafield ind1=" " ind2=" " tag="653">
      <marc:subfield code="a">Geburtstagsfeier eines ungeliebten Vorgängers</marc:subfield>
   </marc:datafield>
   <marc:datafield ind1=" " ind2=" " tag="653">
      <marc:subfield code="a">tragisches Detail tritt zu Tage</marc:subfield>
   </marc:datafield>
   <marc:datafield ind1=" " ind2=" " tag="653">
      <marc:subfield code="a">alle bisherigen Theorien zum Einsturz bringen</marc:subfield>
   </marc:datafield>
   <marc:datafield ind1="0" ind2="0" tag="245">
      <marc:subfield code="a">Wenn einer einen Mord begeht</marc:subfield>
   </marc:datafield>
   <marc:datafield ind1="0" ind2="0" tag="245">
      <marc:subfield code="b">Ein Wien-Krimi</marc:subfield>
   </marc:datafield>
   <marc:datafield ind1="0" ind2="0" tag="245">
      <marc:subfield code="c">Wehle, Peter</marc:subfield>
   </marc:datafield>
   <marc:datafield ind1=" " ind2="1" tag="264">
      <marc:subfield code="a">Innsbruck [u.a.]</marc:subfield>
      <marc:subfield code="b">Haymon</marc:subfield>
      <marc:subfield code="c">2016</marc:subfield>
   </marc:datafield>
   <marc:datafield ind1="1" ind2=" " tag="520">
      <marc:subfield code="a">COLD CASE AM WIENER GÜRTELDas würde seinem Chef so passen - auf keinen Fall richtet Hofrat Halb seinem ungeliebten Vorgänger eine Geburtstagsfeier aus! Grolf war nach einem spektakulären Fall frühzeitig aus dem Dienst ausgeschieden. Ein Serienmörder trieb damals sein Unwesen und ermordete sieben Prostituierte. Grolf war sich sicher, dass ein "aufsteigender Stern am Zuhälterhimmel" namens Johannes Parcher für die Morde verantwortlich sei. Aber Parcher verschwand und der Fall blieb ungelöst.KULT-ERMITTLER HOFRAT HALB IST GEFRAGTDa passiert ein neuer Mord, und zwar nach genau derselben Methode wie damals. Hofrat Halb und sein Team sind auf den Plan gerufen: Ist der Mörder zurückgekehrt und sucht ein letztes Duell mit seinem damaligen Gegner Grolf? Bei Melange und Apfelstrudel rauchen die Köpfe der Ermittler - bis ein tragisches Detail zu Tage tritt, das alle Theorien zum Einsturz bringt.Lieber würde Hofrat Halb sich ja seiner späten Liebe Delia hingeben, als sich mit einem Serienmörder anzulegen. Doch bald stellt sich heraus, dass gerade Delia ihm mit ihrer liederlichen Vergangenheit in seinem Fall auf die Sprünge helfen kann.GEMÜTLICHE KRIMILEKTÜRE MIT KAFFEEHAUSATMOSPHÄREWenn es um Altwiener Charme, Ermittlungen mit Stil und Kaffeehausatmosphäre geht, ist Peter Wehle die erste Adresse unter den Krimiautoren. Seine Hofrat-Halb-Krimis stehen für Spannung erster Klasse gepaart mit der allseits beliebten österreichischen Gemütlichkeit.(Verlagstext)</marc:subfield>
   </marc:datafield>
   <marc:datafield ind1=" " ind2=" " tag="020">
      <marc:subfield code="a">9783709978436</marc:subfield>
      <marc:subfield code="9">9783709978436</marc:subfield>
   </marc:datafield>
   <marc:datafield ind1=" " ind2=" " tag="020">
      <marc:subfield code="a">3709978432</marc:subfield>
      <marc:subfield code="9">3709978432</marc:subfield>
   </marc:datafield>
   <marc:datafield ind1=" " ind2=" " tag="041">
      <marc:subfield code="a">ger</marc:subfield>
   </marc:datafield>
   <marc:datafield ind1=" " ind2=" " tag="338">
      <marc:subfield code="a">Band</marc:subfield>
   </marc:datafield>
   <marc:datafield ind1=" " ind2=" " tag="300">
      <marc:subfield code="a">222 S.</marc:subfield>
   </marc:datafield>
</marc:record>
